All Normani Songs - Statistics

General Stats
  • This quiz has been taken 65 times
    58 since last reset
  • The average score is 6 of 9
Answer Stats
Album Song % Correct
Single #2 Motivation
90%
Single #3 Wild Side
77%
Love, Simon (Original Motion Picture Soundtrack) Love Lies
73%
Birds of Prey: The Album Diamonds
67%
Dance Dancing with a Stranger
62%
Charlie's Angels: Original Motion Picture Soundtrack Bad to You
56%
Single Waves
54%
Normani x Calvin Harris Slow Down
44%
Normani x Calvin Harris Checklist
42%
No matching quizzes found
Score Distribution
Percent of People with Each Score
Percentile by Number Answered
Your Score History
You have not taken this quiz since the last reset